Hospodářský zákoník. Úplné znění.

Úplné znenie hospodárskeho zákonníka vyplyvajúce z poslednej novely. Všeobecné ustanovenia. Hospodárskoprávne vzťahy (vlastnícke vzťahy, organizácie, právne úkony). Opatrenia orgánov hospodárskeho riadenia. Hospodárska činnosť štátnych organizácií. Štátny podnik. Rozpočtové a iné štátne organizácie....

ver descrição completa

Na minha lista:
Detalhes bibliográficos
Formato: Capítulo de Livro
Idioma:tcheco
Assuntos:
Tags: Adicionar Tag
Sem tags, seja o primeiro a adicionar uma tag!

MARC

LEADER 00000naa a2200000 4500
001 r002484
005 20220819180805.0
041 0 |a cze 
044 |a [CS] 
245 1 0 |a Hospodářský zákoník.  |b Úplné znění. 
520 |a Úplné znenie hospodárskeho zákonníka vyplyvajúce z poslednej novely. Všeobecné ustanovenia. Hospodárskoprávne vzťahy (vlastnícke vzťahy, organizácie, právne úkony). Opatrenia orgánov hospodárskeho riadenia. Hospodárska činnosť štátnych organizácií. Štátny podnik. Rozpočtové a iné štátne organizácie. Vlastníctvo štátu a právo hospodárenia s národným majetkom. Hospodárska činnosť družstevných organizácií. Hospodárenie spoločenských organizácií. Obchodné spoločnosti. Pokračovanie. 
610 2 0 |a zákonník hospodársky 
610 2 0 |a majetok národný 
610 2 0 |a podnik štátny 
610 2 0 |a vlastníctvo 
610 2 0 |a organizácie rozpočtové 
610 2 0 |a družstvá 
610 2 0 |a spoločnosti obchodné 
610 2 0 |a ČSFR